[Event "1st Sea Chess TCh, Kuala Lumpur MAI"]
[Site "?"]
[Date "2001.??.??"]
[Round "3"]
[White "Juswanto, D."]
[Black "Wynn Zaw Htun"]
[Result "1/2-1/2"]
[WhiteElo "2510"]
[BlackElo "2410"]
[PlyCount "30"]
[EventDate "2001.??.??"]
[Source "www.chesslib.no"]
[SourceDate "2004.05.04"]

1. c4 Nf6 2. Nc3 g6 3. Nf3 Bg7 4. d4 d6 5. Bg5 c6 6. e3 O-O 7. Be2 Bg4 8. O-O Nbd7 9. h3 Bxf3 10. Bxf3 Qc7 11. Rc1 a5 12. Qc2 Rfe8 13. Rfd1 e5 14. d5 Nc5 15. e4 Nfd7 1/2-1/2

[Event "Dubna op"]
[Site "?"]
[Date "2000.??.??"]
[Round "4"]
[White "Markosian David S"]
[Black "Gulkov Igor A"]
[Result "0-1"]
[WhiteElo "2428"]
[BlackElo "2491"]
[PlyCount "114"]
[EventDate "2000.??.??"]
[Source "www.chesslib.no"]
[SourceDate "2004.05.04"]

1. d4 Nf6 2. Nf3 g6 3. c4 Bg7 4. Nc3 d6 5. Bg5 h6 6. Bh4 g5 7. Bg3 Nh5 8. e3 c5 9. dxc5 Nxg3 10. hxg3 dxc5 11. Qc2 Nc6 12. a3 Qa5 13. O-O-O Bxc3 14. Qxc3 Qxc3+ 15. bxc3 f6 16. Be2 Be6 17. e4 Kf7 18. Nd2 Na5 19. f4 Rad8 20. f5 Bd7 21. g4 Ba4 22. Rde1 Nc6 23. Nf3 Kg7 24. Bf1 Ne5 25. Nxe5 fxe5 26. Rh3 Rd6 27. Rd3 Rxd3 28. Bxd3 h5 29. Rh1 h4 30. Kd2 Rh6 31. Rb1 Bc6 32. Rh1 Bd7 33. Rb1 Bc6 34. Rh1 Kf8 35. Ke3 Be8 36. g3 h3 37. Rh2 Ra6 38. Rxh3 Kg7 39. Rh2 Rxa3 40. Rb2 b6 41. Kd2 Ra1 42. Rb1 Rxb1 43. Bxb1 Ba4 44. Bd3 Kf8 45. Kc1 Ke8 46. Be2 Kd8 47. Kb2 Kc7 48. Bf3 Kb7 49. Be2 Ka6 50. Bf3 Ka5 51. Be2 a6 52. Bf3 Be8 53. Be2 b5 54. cxb5 Bxb5 55. c4 Bc6 56. Kb3 Bxe4 57. Bd1 Bg2 0-1

[Event "72nd ch-BUL"]
[Site "Plovdiv BUL"]
[Date "2008.03.24"]
[Round "13"]
[White "Petkov, V."]
[Black "Janev, E."]
[Result "0-1"]
[WhiteElo "2434"]
[BlackElo "2485"]
[PlyCount "86"]
[EventDate "2008.03.14"]
[Source "www.chesslib.no"]
[SourceDate "2004.05.04"]

1. d4 d6 2. Nf3 Nf6 3. c4 g6 4. Nc3 Bg7 5. Bg5 O-O 6. e3 Nbd7 7. h3 c5 8. Be2 a6 9. O-O b6 10. Rc1 Bb7 11. d5 Qc7 12. e4 Rfe8 13. Qd2 e6 14. Bd3 exd5 15. exd5 Re7 16. Qf4 Rae8 17. Qh4 Qd8 18. Bc2 b5 19. cxb5 axb5 20. Nxb5 Qb6 21. Nc3 Ba6 22. Rfd1 Qxb2 23. Ba4 h6 24. Bxh6 Re4 25. Nxe4 Rxe4 26. Rb1 Qa3 27. Bxd7 Rxh4 28. Rb8+ Kh7 29. Bc1 Qxf3 30. gxf3 Nxd7 31. Rd8 Bb5 32. Bg5 Rb4 33. Be7 Be5 34. Kg2 c4 35. Re1 c3 36. Rxe5 Nxe5 37. Bxd6 Nc4 38. Bxb4 c2 39. Bc3 g5 40. Rh8+ Kg6 41. h4 gxh4 42. Rg8+ Kf5 43. Rg7 Be8 0-1

[Event "Ortigueira"]
[Site "?"]
[Date "2004.08.11"]
[Round "9.2"]
[White "Manolache Marius"]
[Black "Strikovic Aleksa"]
[Result "1-0"]
[WhiteElo "2441"]
[BlackElo "2478"]
[PlyCount "75"]
[EventDate "2004.??.??"]
[Source "www.chesslib.no"]
[SourceDate "2004.05.04"]

1. d4 d6 2. Nf3 g6 3. c4 Bg7 4. Nc3 Nf6 5. Bg5 h6 6. Bh4 g5 7. Bg3 Nh5 8. e3 c5 9. d5 Nxg3 10. hxg3 Qa5 11. Rc1 Nd7 12. Be2 a6 13. Kf1 Nf6 14. Qc2 e6 15. Nd2 exd5 16. cxd5 b5 17. Nde4 Nxe4 18. Nxe4 Qd8 19. g4 Qe7 20. b3 Be5 21. Rh3 Bd7 22. Ng3 Bxg3 23. Rxg3 Qe5 24. Qd2 O-O 25. f4 Qf6 26. Kg1 Rae8 27. Rf1 Re7 28. Bd3 Rfe8 29. Bf5 Bxf5 30. gxf5 Kf8 31. fxg5 hxg5 32. Qe2 Re4 33. Qh5 Rxe3 34. Rxg5 Re1 35. Rxe1 Rxe1+ 36. Kh2 Qe5+ 37. Rg3 Re3 38. Qh6+ 1-0